| 000 | 00527nam a22001577a 4500 | ||
|---|---|---|---|
| 003 | macl | ||
| 005 | 20201018164056.0 | ||
| 008 | 201018b xxu||||| |||| 00| 0 eng d | ||
| 040 | _cmacl | ||
| 082 | _a398/SAM | ||
| 100 |
_aसामर; देवीलाल _980326 |
||
| 245 | _aराजस्थान के लोकऩत्य | ||
| 260 |
_aजोधपुर _bभारतीय लोक कला मंण्डल _c2019 |
||
| 650 |
_aलोेक साहित्य _949621 |
||
| 942 |
_2ddc _cHIN |
||
| 999 |
_c63725 _d63725 |
||